• AIU
  • Tony Wilmot Memorial Library

The Oromo nominal and adjectival predicates (Record no. 222)

MARC details
000 -LEADER
fixed length control field 00836nam a22002171a 4500
020 ## - INTERNATIONAL STANDARD BOOK NUMBER
Terms of availability 0.00
040 ## - CATALOGING SOURCE
Original cataloging agency NEGST Library - Kenya
050 ## - LIBRARY OF CONGRESS CALL NUMBER
Classification number PJ 2471.12.N54 2007
082 ## - DEWEY DECIMAL CLASSIFICATION NUMBER
Classification number PJ 2471.12.N54 2007
100 ## - MAIN ENTRY--PERSONAL NAME
Personal name Nigussie, Yirgu
245 ## - TITLE STATEMENT
Title The Oromo nominal and adjectival predicates
Statement of responsibility, etc Yirgu Nigussie
Medium [Text]
260 ## - PUBLICATION, DISTRIBUTION, ETC. (IMPRINT)
Place of publication, distribution, etc Nairobi, Kenya.]
Name of publisher, distributor, etc [NEGST
Date of publication, distribution, etc 2007
300 ## - PHYSICAL DESCRIPTION
Extent xii, 62 leaves.;
440 ## - SERIES STATEMENT/ADDED ENTRY--TITLE
Title Thesis (M.A. Translation Studies) Nairobi Evangelical Graduate School of Theology (Kenya)
500 ## - GENERAL NOTE
General note Includes bibliographical references Thesis (M.A. Translation Studies) - NEGST, Nairobi [Africana]
600 ## - SUBJECT ADDED ENTRY--PERSONAL NAME
Personal name Oromo language
General subdivision Grammar.
600 ## - SUBJECT ADDED ENTRY--PERSONAL NAME
Personal name Oromo - African languages
852 ## - LOCATION/CALL NUMBER
-- 10.00
852 ## - LOCATION/CALL NUMBER
-- 10.00
942 00 - ADDED ENTRY ELEMENTS (KOHA)
Koha issues (borrowed), all copies 1
Holdings
Withdrawn status Lost status Source of classification or shelving scheme Damaged status Not for loan Collection code Home library Current library Shelving location Date acquired Source of acquisition Cost, normal purchase price Total Checkouts Full call number Barcode Date last seen Date checked out Copy number Price effective from Koha item type
    Library of Congress Classification     General Circulation AIU/NEGST - Tony Wilmot Memorial Library AIU/NEGST - Tony Wilmot Memorial Library General Stacks 06/05/2009 D. 10.00 2 PJ 2471.12.N54 2007 R34629L3232 06/25/2015 06/16/2015 2 06/05/2009 Books
    Library of Congress Classification     Thesis AIU/NEGST - Tony Wilmot Memorial Library AIU/NEGST - Tony Wilmot Memorial Library Thesis in Reference 06/05/2009   10.00   THE PJ 2471.12.N54 2007 R34628K3232 09/26/2019   1 06/05/2009 Reference